Loading...
| Science - Chemistry | 0 | 6 | 1 | 1 | 55 | 48 | 90.83 | 1 | 6 | 0.00 | 0.00 |
| Mythology | 0 | 5 | 0 | 1 | 50 | 66 | 102.20 | 1 | 5 | 0.00 | 0.00 |
| Social Science | 0 | 5 | 0 | 2 | 50 | 60 | 93.60 | 2 | 5 | 0.00 | 0.00 |
| Religion | 0 | 4 | 0 | 0 | 40 | 69 | 95.75 | 2 | 4 | 0.00 | 0.00 |
| Science - Other | 0 | 4 | 1 | 2 | 35 | 88 | 101.75 | 3 | 4 | 0.00 | 0.00 |
| Current Events | 0 | 3 | 0 | 0 | 30 | 62 | 77.67 | 1 | 3 | 0.00 | 0.00 |
| Fine Arts - Classical Music | 0 | 3 | 0 | 1 | 30 | 79 | 92.67 | 0 | 3 | 0.00 | 0.00 |
| Fine Arts - Other | 0 | 4 | 2 | 1 | 30 | 54 | 93.50 | 3 | 4 | 0.00 | 0.00 |
| Philosophy | 0 | 4 | 2 | 0 | 30 | 78 | 91.25 | 0 | 4 | 0.00 | 0.00 |
| Science - Physics | 0 | 3 | 1 | 0 | 25 | 30 | 74.33 | 2 | 3 | 0.00 | 0.00 |
| Fine Arts - Painting and Sculpture | 0 | 3 | 1 | 2 | 25 | 83 | 124.33 | 0 | 3 | 0.00 | 0.00 |
| Literature - European | 0 | 2 | 0 | 0 | 20 | 42 | 54.50 | 1 | 2 | 0.00 | 0.00 |
| History - European | 0 | 2 | 0 | 0 | 20 | 55 | 64.50 | 1 | 2 | 0.00 | 0.00 |
| Literature - World | 0 | 2 | 0 | 0 | 20 | 65 | 81.00 | 1 | 2 | 0.00 | 0.00 |
| Science - Biology | 0 | 3 | 2 | 0 | 20 | 87 | 95.00 | 0 | 3 | 0.00 | 0.00 |
| History - Other | 0 | 1 | 0 | 0 | 10 | 89 | 89.00 | 0 | 1 | 0.00 | 0.00 |
| History - American | 0 | 1 | 0 | 0 | 10 | 67 | 67.00 | 0 | 1 | 0.00 | 0.00 |
| Pop Culture | 0 | 1 | 0 | 0 | 10 | 76 | 76.00 | 0 | 1 | 0.00 | 0.00 |
| Literature - American | 0 | 1 | 1 | 0 | 5 | 98 | 98.00 | 0 | 1 | 0.00 | 0.00 |
| History - World | 0 | 1 | 1 | 0 | 5 | 99 | 99.00 | 0 | 1 | 0.00 | 0.00 |
| Literature - British | 0 | 1 | 1 | 0 | 5 | 69 | 69.00 | 1 | 1 | 0.00 | 0.00 |